| 000 | 00424cam a22001577a 4500 | ||
|---|---|---|---|
| 003 | OSt | ||
| 005 | 20170502180618.0 | ||
| 008 | 170502s2008 ne |||||||||||| ||eng|d | ||
| 020 | _a9789079700097 | ||
| 040 |
_aDLC _cCDMR _bcat |
||
| 245 | 0 | 0 | _aPress councils in Western Europe |
| 260 |
_aLa Haia, _bNetherlands Press Council Foundation : _c2008 |
||
| 300 |
_a134 p _c24 cm. |
||
| 650 | 0 | 0 |
_aÈtica periodística _9983 |
| 942 | _cMON | ||
| 999 |
_c7029 _d7029 |
||